| 000 | 00465nam a2200181Ia 4500 | ||
|---|---|---|---|
| 008 | 170203s9999 xx 000 0 und d | ||
| 020 | _a9718560203 | ||
| 050 | _aFic | ||
| 050 | _b.H274 2002 | ||
| 245 | 4 | _aThe Hare and The Tortoise / | |
| 260 | _aPhilippines : | ||
| 260 | _bStraight Lines International, Inc. | ||
| 260 | _c2002 | ||
| 300 | _a23 pages; | ||
| 440 | _aClassical Tales Collection. | ||
| 650 | _a Fables -- | ||
| 650 | _xJuvenile literature. | ||
| 999 |
_c306222 _d306222 |
||